000 01312cam a22001814a 4500
005 20250605163231.0
008 250528s ||||||||||||||||||||||||d
035 _a15004
040 _aGR-AtMCL
_bgre
_dGR-AtMCL
_eAACR2
245 1 _aΤα Αρχεία στους Μικροϋπολογιστές
300 _a184
520 _aΕυρετήριο (Directory) - Παραδοσιακοί Τρόποι Οργάνωσης - Δομές Δεδομένων - Βάση Δεδομένων (Data Base). Η Δομή των Αρχείων, Δημιουργία και Χειρισμός Αρχείων, Μέσα Καταχώρησης Στοιχείων, Ευρετήριο, Γενικά για Οργάνωση και Επεξεργασία Αρχείων, Απλη Σειριακή Οργάνωση, Σειριακή με Δείκτες Οργάνωση, Τυχαία Οργάνωση, Αρχεία Σχετικής Θέσης, Εκλογή Τρόπου Οργάνωσης Αρχείων, Ασφάλεια Αρχείων, Δομές Δεδομένων, Βάση Δεδομένων, Κωδικοποίηση Στοιχείων και Ψηφίο Ελέγχου, Βιβλιογραφία.
700 1 _aΒατικιώτης Αντώνης
942 _cBK
260 _bΑθήνα
999 _c610
_d610